000 00628nam a2200241 a 4500
001 0001-1286
003 ELIB.Books
008 150630 2010 eng
020 _a9780446555944
035 _a(ELIB.Books)0001-1441
092 _a248.4
_bMcD
100 _aMcDowell, Jack C.
245 _aThere's More to Life Than Making a Living
260 _aNew York
_bFaith Words
_c2009
300 _a188
_c21 Cm
500 _aLibrary
650 _aChristian Life
856 _nKBTS: Library
_uKBTS: Elib
942 _2ddc
_cBK
990 _a2
998 _cbat
_e2015-06-30
_mcat
_u2019-06-19
999 _c11286
_d11286